<?xml version="1.0" encoding="UTF-8"?>
<record
    xmlns:xsi="http://www.w3.org/2001/XMLSchema-instance"
    xsi:schemaLocation="http://www.loc.gov/MARC21/slim http://www.loc.gov/standards/marcxml/schema/MARC21slim.xsd"
    xmlns="http://www.loc.gov/MARC21/slim">

  <leader>01123nam a2200229 i 4500</leader>
  <controlfield tag="001">000045338</controlfield>
  <controlfield tag="003">DO-SdBNP</controlfield>
  <controlfield tag="005">20240223141520.0</controlfield>
  <controlfield tag="007">ta</controlfield>
  <controlfield tag="008">150304s2013    dr r acd      00 0 sspadd</controlfield>
  <datafield tag="020" ind1=" " ind2=" ">
    <subfield code="a">9789945887211</subfield>
  </datafield>
  <datafield tag="040" ind1=" " ind2=" ">
    <subfield code="a">DO-SdBNP</subfield>
    <subfield code="b">spa</subfield>
    <subfield code="c">BNPHU</subfield>
    <subfield code="e">rda</subfield>
  </datafield>
  <datafield tag="082" ind1=" " ind2="4">
    <subfield code="2">22</subfield>
  </datafield>
  <datafield tag="245" ind1="0" ind2="3">
    <subfield code="a">La crisis educativa y el modelo econ&#xF3;mico-pol&#xED;tico en Rep&#xFA;blica Dominicana /</subfield>
    <subfield code="c">Juan Bosch... [et al.] ; compilaci&#xF3;n, Mat&#xED;as Bosch.</subfield>
  </datafield>
  <datafield tag="264" ind1=" " ind2=" ">
    <subfield code="a">Santo Domingo :</subfield>
    <subfield code="b">Fundaci&#xF3;n Juan Bosch,</subfield>
    <subfield code="c">2013.</subfield>
  </datafield>
  <datafield tag="300" ind1=" " ind2=" ">
    <subfield code="a">116 p. :</subfield>
    <subfield code="b">il., retrs. ;</subfield>
    <subfield code="c">23 cm.</subfield>
  </datafield>
  <datafield tag="490" ind1="1" ind2=" ">
    <subfield code="a">Bosch vive</subfield>
    <subfield code="v">4</subfield>
  </datafield>
  <datafield tag="504" ind1=" " ind2=" ">
    <subfield code="a">Bibliograf&#xED;a : p. 114-116</subfield>
  </datafield>
  <datafield tag="505" ind1="0" ind2=" ">
    <subfield code="a">Introducci&#xF3;n --</subfield>
    <subfield code="t">La educaci&#xF3;n es una actividad clasica --</subfield>
    <subfield code="t">Cuatro preguntas a Juan Bosch --</subfield>
    <subfield code="t">La educaci&#xF3;n desarraigada /</subfield>
    <subfield code="r">Mat&#xED;as Bosch --</subfield>
    <subfield code="t">Limitaciones de la estructura econ&#xF3;mica para la igual-equidad educativa</subfield>
    <subfield code="r">Mar&#xED;a Barrenese --</subfield>
    <subfield code="t">Motivos libertarios en la escuela dominicana /</subfield>
    <subfield code="r">Juan Miguel P&#xE9;rez --</subfield>
    <subfield code="t">El deber es poder: contextos de opresi&#xF3;n, escuelas de liberaci&#xF3;n /</subfield>
    <subfield code="r">Jos&#xE9; Antinoe Fiallo Billini.</subfield>
  </datafield>
  <datafield tag="700" ind1="1" ind2=" ">
    <subfield code="a">Bosch, Mat&#xED;as,</subfield>
    <subfield code="e">compilador</subfield>
    <subfield code="9">72665</subfield>
  </datafield>
  <datafield tag="942" ind1=" " ind2=" ">
    <subfield code="2">ddc</subfield>
    <subfield code="c">LBS1</subfield>
  </datafield>
  <datafield tag="952" ind1=" " ind2=" ">
    <subfield code="0">0</subfield>
    <subfield code="1">0</subfield>
    <subfield code="2">ddc</subfield>
    <subfield code="5">1</subfield>
    <subfield code="7">0</subfield>
    <subfield code="8">PD</subfield>
    <subfield code="a">BNPHU</subfield>
    <subfield code="b">BNPHU</subfield>
    <subfield code="c">HD</subfield>
    <subfield code="d">2015-03-04</subfield>
    <subfield code="l">0</subfield>
    <subfield code="o">BNPHU PD </subfield>
    <subfield code="p">45338-10</subfield>
    <subfield code="r">2020-06-25</subfield>
    <subfield code="w">2020-06-25</subfield>
    <subfield code="y">LBS1</subfield>
  </datafield>
  <datafield tag="999" ind1=" " ind2=" ">
    <subfield code="c">44827</subfield>
    <subfield code="d">44827</subfield>
  </datafield>
</record>
